| 000 | 00576nam a2200181Ia 4500 | ||
|---|---|---|---|
| 008 | 151018s9999 xx 000 0 und d | ||
| 082 |
_bRBASDV17985 _a891.463 |
||
| 100 | _aठाकूर देवेश | ||
| 245 | _aभ्रमरंग | ||
| 250 | _b1 | ||
| 260 |
_bबांदोडकर पब्लिशिंग कंपनी मुंबई _c1983 |
||
| 300 | _a267 | ||
| 600 | _aठाकूर देवेश | ||
| 630 | _aभ्रमरंग | ||
| 700 | _aठाकूर देवेश | ||
| 730 | _aभ्रमरंग | ||
| 942 | _cBOOK | ||
| 999 |
_c1018656 _d1018653 |
||